书目信息 |
| 题名: |
DC元数据
|
|
| 作者: | 吴建中 编 | |
| 分册: | ||
| 出版信息: | 2000.10 |
|
| 页数: | 223页 | |
| 开本: | 20cm | |
| 丛书名: | ||
| 单 册: | ||
| 中图分类: | G412 | |
| 科图分类: | ||
| 主题词: | 思想政治教育--学校教育 , 德育--学校教育 | |
| 电子资源: | ||
| ISBN: | ||
| 000 | 00529nam0 2200193 450 | |
| 001 | 2639764175 | |
| 005 | 20260305110729.03 | |
| 010 | @dCNY18.00 | |
| 100 | @a20260305d2000 km y0chiy0120 ea | |
| 101 | 0 | @achi |
| 200 | 1 | @aDC元数据@ADC Yuan Shu Ju@f吴建中编@FWu Jian Zhong Bian |
| 210 | @d2000.10 | |
| 215 | @a223页@d20cm | |
| 606 | 0 | @a思想政治教育--学校教育 |
| 606 | 0 | @a德育--学校教育 |
| 690 | @aG412@v4 | |
| 701 | 0 | @a吴建中@AWu Jian Zhong@4编 |
| 801 | 0 | @aCN@b大连网信软件有限公司图书馆·11@c20260305 |
| 905 | @aZUCC@dG412@e118 | |
| DC元数据/吴建中编.-2000.10 |
| 223页;20cm |
| ISBN :CNY18.00 |
| ● |
| 相关链接 |
|
|
|
|
正题名:DC元数据
索取号:G412/118
 
预约/预借
| 序号 | 登录号 | 条形码 | 馆藏地/架位号 | 状态 | 备注 |
| 1 | 1442146 | 214421464 | 第一样本阅览室/ [索取号:G412/118] | 在馆 |